| 000 | 004260000a22001690004500 | ||
|---|---|---|---|
| 003 | MACL | ||
| 005 | 20160108154733.0 | ||
| 008 | 160108b xxu||||| |||| 00| 0 eng d | ||
| 040 |
_aMACL _cMACL |
||
| 041 | _aEnglish | ||
| 082 | _a920/HAR | ||
| 100 |
_aHarris, F R _929919 |
||
| 245 | _aJamsetji Nusserwanji Tata | ||
| 260 |
_bOxford University Press _c1925 _aLondon |
||
| 650 |
_aBiography _929920 |
||
| 942 |
_cBK _k920/Har _2ddc |
||
| 999 |
_c36702 _d36702 |
||